LDR 00693naa#a2200181#i#450# 001 EN\\bibl\122457 005 20260603183738.3 011 ## _a2414-3995 100 ## _a20260311b2026####ek#y0engy0150####ca 102 ## _aRU 200 1# _aInternational military cooperation of the Russian Federation during a special military operation: legal issues _eJournal article 210 1# _aMoscow _cMoscow University of the Ministry of Internal Affairs of Russia named after V.Ya. Kikot _d2026 215 ## _a5 с. 608 ## _aJournal article _2local 675 ## _aПраво. Юридические науки. 34 _z 700 #1 _aHolikov _gIvan Vladimirovich 700 #1 _aNaumova _gTat'yana Yur'evna 856 4# _amosumvd.editorum.ru _u